Bread by Picture Quiz - Statistics

General Stats
  • This quiz has been taken 156 times
  • The average score is 7 of 12
Answer Stats
Picture Answer % Correct
Bagel
98%
Croissant
98%
Toast
97%
Baguette
90%
Pita
69%
Rye Bread
57%
Banana Bread
51%
Biscuit
48%
Brioche
41%
Focaccia
40%
חַלָּה‎
39%
Italian Bread
10%
No matching quizzes found
Score Distribution
Percent of People with Each Score
Percentile by Number Answered
Your Score History
You have not taken this quiz